000 00739nam a22002297a 4500
003 OSt
005 20260127052332.0
008 260127b |||||||| |||| 00| 0 eng d
020 _a978-971-93630-0-2.
040 _aDWC-Main Lib.
_cOC
082 _21st ed.
_aCirc. 610.73 D278 2006
100 _aLoarca, Josefina V.
245 _aA handbook in nursing law and ethics/
_cJosefina V. Loarca
260 _aQuezon City :
_bARD Publishing House,
_cc2006.
300 _axi, 239 p. ;
_c25 cm.
504 _aIncludes bibliographical references.
650 _a1. Nursing-Ethical aspects.
650 _a2. Nursing-Law and legislation.
700 _aDe Belen, Rustico T.
760 _b1st ed.
942 _2ddc
_cBK-CIRC
_e1st ed.
_hCirc.
_n0
999 _c7864
_d7864